[Event "Eurasian Blitz Chess Cup"]
[Site "Almaty KAZ"]
[Date "2016.06.19"]
[Round "17.10"]
[White "Onischuk, Vladimir"]
[Black "Dzhumagaliev, Yan"]
[Result "1-0"]
[WhiteTitle "GM"]
[BlackTitle "FM"]
[WhiteElo "2613"]
[BlackElo "2400"]
[WhiteFideId "14114038"]
[BlackFideId "24100110"]
[EventDate "2016.06.18"]

1. e4 c5 2. Nf3 Nc6 3. Bb5 e6 4. Bxc6 bxc6 5. O-O Ne7 6. d3 Ng6 7. Qe2 Be7 8. c4
e5 9. Nc3 d6 10. a3 a5 11. Ne1 O-O 12. g3 f5 13. f4 exf4 14. gxf4 Bf6 15. Ng2
Bd4+ 16. Be3 Rb8 17. Rf2 Rb7 18. Re1 Re7 19. Qd2 Rfe8 20. Bxd4 cxd4 21. Ne2 fxe4
22. Nxd4 Qb6 23. dxe4 Rxe4 24. Rxe4 Rxe4 25. Nf3 Rxc4 26. Qxd6 Rc1+ 27. Nge1 Bf5
28. Kg2 Qe3 29. Qd8+ Nf8 30. Qd2 Qc5 31. Re2 Bg4 32. Kg3 Bxf3 33. Nxf3 h6 34.
Re5 Qc4 35. Rxa5 Rc2 36. Qe3 Ng6 37. f5 Nf4 38. Ra8+ Kh7 39. Qxf4 Rg2+ 40. Kxg2
Qxf4 41. Ra5 Qc1 42. b4 Qc2+ 43. Kg3 Qc3 44. h4 Kg8 45. Kf4 Qc4+ 46. Ke3 Qc3+
47. Ke4 Qc4+ 48. Nd4 Qc1 49. Nf3 Qc4+ 50. Ke3 Qc3+ 51. Kf4 Qc1+ 52. Kg3 Qe3 53.
a4 Qc3 54. Ra8+ Kh7 55. Rb8 Qc2 56. a5 Qxf5 57. a6 Qd7 58. Rb7 Qd6+ 59. Kf2 c5
60. b5 c4 61. a7 Qa3 62. b6 c3 63. Rc7 c2 64. Rxc2 Qa6 65. Rb2 Qb7 66. Kg2 Kg6
67. Ra2 Qa8 1-0

[Event "Eurasian Blitz Chess Cup"]
[Site "Almaty KAZ"]
[Date "2016.06.19"]
[Round "17.11"]
[White "Megaranto, Susanto"]
[Black "Hou, Yifan"]
[Result "1-0"]
[WhiteTitle "GM"]
[BlackTitle "GM"]
[WhiteElo "2535"]
[BlackElo "2663"]
[WhiteFideId "7101384"]
[BlackFideId "8602980"]
[EventDate "2016.06.18"]

1. d4 Nf6 2. Nf3 e6 3. Bg5 h6 4. Bh4 b6 5. e3 Be7 6. Bd3 Bb7 7. O-O c5 8. c3 Nc6
9. Nbd2 O-O 10. a4 d6 11. Re1 Rc8 12. Qe2 cxd4 13. exd4 Nh5 14. Bg3 Nxg3 15.
hxg3 Re8 16. Qe4 g6 17. Qg4 h5 18. Qf4 e5 19. dxe5 dxe5 20. Qe3 Bc5 21. Qe2 f5
22. Nb3 Bf8 23. Bc4+ Kh7 24. Bf7 Re7 25. Bxg6+ Kxg6 26. Nh4+ Kg5 27. f4+ exf4
28. gxf4+ Kf6 29. Qxh5 Rxe1+ 30. Rxe1 Ne7 31. Nd4 Be4 32. Rxe4 fxe4 33. g4 Nc6
34. Qg6+ Ke7 35. Qe6# 1-0

[Event "Eurasian Blitz Chess Cup"]
[Site "Almaty KAZ"]
[Date "2016.06.19"]
[Round "17.12"]
[White "Bologan, Viktor"]
[Black "Mamedov, Rauf"]
[Result "0-1"]
[WhiteTitle "GM"]
[BlackTitle "GM"]
[WhiteElo "2654"]
[BlackElo "2655"]
[WhiteFideId "13900048"]
[BlackFideId "13401653"]
[EventDate "2016.06.18"]

1. e4 e5 2. Nf3 d6 3. d4 exd4 4. Nxd4 Nf6 5. Nc3 g6 6. g3 Bg7 7. Bg2 O-O 8. O-O
Nbd7 9. h3 a6 10. a4 Re8 11. Re1 Ne5 12. f4 Ned7 13. Be3 Rb8 14. Bf2 h5 15. a5
Nh7 16. Qd2 Ndf8 17. Rad1 Ne6 18. Nb3 h4 19. gxh4 Bh6 20. Bg3 Nf6 21. Bf3 Nd7
22. Bg4 Ne5 23. Qf2 Nxg4 24. hxg4 Bg7 25. f5 Nf8 26. Nd5 c6 27. Nb6 gxf5 28.
Bxd6 Be6 29. exf5 Bxb3 30. Bxb8 Rxe1+ 31. Qxe1 Qxb8 32. cxb3 Qf4 33. Qe2 Qg3+
34. Qg2 Qxb3 35. g5 Qxd1+ 0-1

[Event "Eurasian Blitz Chess Cup"]
[Site "Almaty KAZ"]
[Date "2016.06.19"]
[Round "17.13"]
[White "Arutinian, David"]
[Black "Saric, Ivan"]
[Result "0-1"]
[WhiteTitle "GM"]
[BlackTitle "GM"]
[WhiteElo "2527"]
[BlackElo "2660"]
[WhiteFideId "13601741"]
[BlackFideId "14508150"]
[EventDate "2016.06.18"]

1. Nf3 Nf6 2. c4 g6 3. Nc3 Bg7 4. e4 d6 5. d4 O-O 6. Be2 e5 7. O-O Nc6 8. d5 Ne7
9. Ne1 Nd7 10. Be3 f5 11. f3 Rf7 12. Rc1 f4 13. Bf2 g5 14. Nd3 Ng6 15. c5 Nf6
16. cxd6 cxd6 17. Nb5 g4 18. Kh1 g3 19. Bxa7 Bd7 20. Nxd6 Rxa7 21. Nxf7 Kxf7 22.
Qb3 Nxe4 23. d6+ Kf8 24. Nxe5 Bxe5 25. fxe4 Qh4 26. Qxg3 Qxg3 27. hxg3 Ke8 28.
Bh5 fxg3 29. Rf5 Bxd6 30. Rd1 Be7 31. Rf3 Ra5 32. Bxg6+ hxg6 33. Rxg3 Rh5+ 34.
Kg1 Bb5 35. Rd5 Bc5+ 36. Rxc5 Rxc5 37. Rxg6 Bc6 38. Rg3 Rc2 39. Rb3 Kf7 40. a4
Rc4 41. Ra3 Rxa4 42. Rxa4 Bxa4 43. Kf2 Ke6 44. Ke3 Ke5 45. g4 Bc6 46. g5 Bxe4
47. Kd2 Kd4 0-1

[Event "Eurasian Blitz Chess Cup"]
[Site "Almaty KAZ"]
[Date "2016.06.19"]
[Round "17.14"]
[White "Jumabayev, Rinat"]
[Black "Gunina, Valentina"]
[Result "1/2-1/2"]
[WhiteTitle "GM"]
[BlackTitle "GM"]
[WhiteElo "2613"]
[BlackElo "2518"]
[WhiteFideId "13702661"]
[BlackFideId "4167570"]
[EventDate "2016.06.18"]

1. Nf3 Nf6 2. c4 b6 3. g3 Bb7 4. Bg2 c5 5. O-O e6 6. Nc3 Be7 7. Re1 O-O 8. e4 d6
9. d4 cxd4 10. Nxd4 Qc8 11. Be3 Rd8 12. Rc1 Nbd7 13. f4 Bf8 14. b3 a6 15. Bf2
Qc7 16. g4 e5 17. Nd5 Qb8 18. fxe5 dxe5 19. Nf5 Nxd5 20. exd5 g6 21. Ng3 Qc7 22.
g5 f5 23. gxf6 Nxf6 24. Bh3 Kh8 25. Qe2 Re8 26. Rf1 Bg7 27. Be3 Bc8 28. Bxc8
Raxc8 29. Bg5 Rf8 30. Bxf6 Bxf6 31. Ne4 Bg7 32. Rxf8+ Rxf8 33. Rf1 Rf4 34. Ng5
Qc5+ 35. Kg2 Qe7 36. Rxf4 Qxg5+ 37. Rg4 Qe7 38. Qf3 Qd6 39. Re4 h5 40. Qf7 Kh7
41. Re2 Qc5 42. Qf3 Qd4 43. Qe4 Qd1 44. Qc2 Qd4 45. Qe4 Qd1 46. Qe3 b5 47. Rd2
Qg4+ 48. Qg3 Qe4+ 49. Qf3 Qh4 50. d6 Qg5+ 51. Kh3 Qxd2 52. c5 Kh6 53. Qf7 Qc3+
54. Kg2 Qc2+ 55. Kh3 Qxc5 56. d7 Qe3+ 57. Kg2 Qd2+ 58. Kf3 Qd3+ 59. Kg2 Qd2+ 60.
Kf3 Qd1+ 61. Kg2 Qg4+ 62. Kf1 Qd1+ 63. Kg2 Qe2+ 64. Kg1 Qe1+ 65. Kg2 Qd2+ 66.
Kf3 Qd3+ 67. Kg2 Qd2+ 68. Kf3 Qd3+ 1/2-1/2

[Event "Eurasian Blitz Chess Cup"]
[Site "Almaty KAZ"]
[Date "2016.06.19"]
[Round "17.15"]
[White "Fressinet, Laurent"]
[Black "Savchenko, Boris"]
[Result "0-1"]
[WhiteTitle "GM"]
[BlackTitle "GM"]
[WhiteElo "2687"]
[BlackElo "2633"]
[WhiteFideId "608742"]
[BlackFideId "4147332"]
[EventDate "2016.06.18"]

1. Nf3 d5 2. g3 Bf5 3. Bg2 e6 4. c4 c6 5. O-O Nf6 6. cxd5 exd5 7. d3 Na6 8. Nc3
Be7 9. Nd4 Bg4 10. h3 Bd7 11. e4 dxe4 12. dxe4 O-O 13. e5 Ne8 14. Be3 Nec7 15.
f4 f6 16. Qb3+ Kh8 17. Qxb7 Bc5 18. Qb3 Bxh3 19. Rad1 fxe5 20. Nc2 Qc8 21. fxe5
Rb8 22. Qc4 Bxg2 23. Rxf8+ Qxf8 24. Bxc5 Nxc5 25. Kxg2 Rxb2 26. Rd2 N7e6 27. Rf2
Qxf2+ 28. Kxf2 Rxc2+ 29. Kf1 a5 30. Ke1 h6 31. Kd1 Rb2 32. a3 Rb8 33. Ke1 Rd8
34. Qe2 Nd4 35. Qc4 Nce6 36. Ne4 Rb8 37. Nd6 Rb1+ 38. Kf2 Rb2+ 39. Ke1 Re2+ 40.
Kd1 Re3 41. Nf5 Re4 42. Nd6 Rg4 43. Qa6 Rxg3 44. Qxa5 Rg1+ 45. Kd2 Nb3+ 0-1

[Event "Eurasian Blitz Chess Cup"]
[Site "Almaty KAZ"]
[Date "2016.06.19"]
[Round "17.16"]
[White "Kovalenko, Igor"]
[Black "Anton Guijarro, David"]
[Result "0-1"]
[WhiteTitle "GM"]
[BlackTitle "GM"]
[WhiteElo "2668"]
[BlackElo "2627"]
[WhiteFideId "14117908"]
[BlackFideId "2285525"]
[EventDate "2016.06.18"]

1. e4 g6 2. d4 Bg7 3. Nf3 d6 4. Bc4 Nf6 5. Qe2 c6 6. e5 dxe5 7. dxe5 Nd5 8. h3
O-O 9. O-O Be6 10. Nbd2 Nd7 11. Re1 a5 12. a3 b5 13. Ba2 Qb6 14. c4 Nc7 15. Nf1
b4 16. Ng3 b3 17. Bb1 Qa6 18. Bg5 Rfe8 19. Rc1 Nc5 20. Qe3 Qa7 21. Bh6 Na4 22.
Qf4 Nxb2 23. Bxg7 Kxg7 24. Rc3 f6 25. exf6+ exf6 26. Rxb3 Nxc4 27. Be4 Nd5 28.
Bxd5 Bxd5 29. Rab1 Re7 30. Nd4 Rf7 31. h4 Qc7 32. Qg4 Ne5 33. Qf4 Bxb3 34. Rxb3
Qd7 35. h5 Re8 36. hxg6 hxg6 37. Ngf5+ gxf5 38. Nxf5+ Kf8 39. Qh6+ Rg7 40. Qh8+
Rg8 41. Qxf6+ Nf7 0-1

[Event "Eurasian Blitz Chess Cup"]
[Site "Almaty KAZ"]
[Date "2016.06.19"]
[Round "17.18"]
[White "Aleksandrov, Aleksej"]
[Black "Sjugirov, Sanan"]
[Result "0-1"]
[WhiteTitle "GM"]
[BlackTitle "GM"]
[WhiteElo "2577"]
[BlackElo "2665"]
[WhiteFideId "13500139"]
[BlackFideId "4189302"]
[EventDate "2016.06.18"]

1. f4 d5 2. Nf3 Bg4 3. e3 Nd7 4. h3 Bxf3 5. Qxf3 e6 6. b3 Ngf6 7. Bb2 Bd6 8. Nc3
c6 9. g4 h6 10. h4 Nb6 11. g5 Nfd7 12. Ne2 e5 13. Bh3 Qe7 14. O-O-O Ba3 15.
Bxd7+ Nxd7 16. Kb1 Bxb2 17. Kxb2 O-O-O 18. d4 exd4 19. Nxd4 g6 20. Rhe1 hxg5 21.
hxg5 Nc5 22. Qg4+ Kb8 23. Nf3 Ne4 24. Qg2 a5 25. a4 c5 26. Ne5 c4 27. c3 cxb3
28. Rd4 Nxc3 29. Rc1 Rc8 30. Rxc3 Rxc3 31. Kxc3 Qa3 32. Nc6+ bxc6 33. Qb2 Qxb2+
34. Kxb2 Rh3 35. e4 Kc7 36. exd5 c5 37. Re4 Kd6 38. Re8 Kxd5 39. Re7 c4 40. Rxf7
Rh2+ 0-1

[Event "Eurasian Blitz Chess Cup"]
[Site "Almaty KAZ"]
[Date "2016.06.19"]
[Round "17.19"]
[White "Yilmaz, Mustafa"]
[Black "Kazhgaleyev, Murtas"]
[Result "1-0"]
[WhiteTitle "GM"]
[BlackTitle "GM"]
[WhiteElo "2613"]
[BlackElo "2582"]
[WhiteFideId "6302718"]
[BlackFideId "13700316"]
[EventDate "2016.06.18"]

1. Nf3 d6 2. c4 e5 3. Nc3 f5 4. d4 e4 5. Ng5 Be7 6. Nh3 Nf6 7. g3 O-O 8. Bg2 c5
9. d5 Nbd7 10. O-O Ne5 11. b3 Ne8 12. f3 exf3 13. exf3 Bf6 14. Bb2 Nc7 15. Qc2
Bd7 16. a4 Na6 17. Nf2 Nb4 18. Qd2 a6 19. Rfe1 Qc7 20. f4 Nf7 21. Nd3 Nxd3 22.
Qxd3 Rae8 23. Bf3 Qa5 24. Kg2 Qb4 25. Rxe8 Rxe8 26. Na2 Bxb2 27. Nxb4 Bxa1 28.
Nc2 Bf6 29. h3 g6 30. g4 Bg7 31. Ne3 Bd4 32. Nc2 Bg7 33. Qd2 Nh6 34. g5 Nf7 35.
a5 Rb8 36. b4 b6 37. axb6 Rxb6 38. Be2 cxb4 39. Nxb4 a5 40. Nc2 Rb2 41. Bd3 a4
42. Qa5 Rb3 43. Be2 Rb2 44. Bd1 Rb1 45. Qa8+ Bf8 46. Ne3 Rb2+ 47. Kf3 Rh2 48.
Qa7 Rxh3+ 49. Kg2 Rxe3 50. Qxe3 h6 51. Qa7 Be8 52. Qa8 Bd7 53. gxh6 Nxh6 54.
Bxa4 Bxa4 55. Qxa4 Ng4 56. Qe8 Kg7 57. Kf3 Nf6 58. Qe6 Ne4 59. Qd7+ Kg8 60. Qe8
Kg7 61. Ke3 Nc5 62. Kd4 Ne4 63. Kd3 Nc5+ 64. Kc3 Ne4+ 65. Kb4 Nc5 66. Kb5 Nd3
67. Qe3 Nc5 68. Qe8 Nd3 69. Kc6 Nxf4 70. c5 Nh5 71. cxd6 Nf6 72. d7 1-0

[Event "Eurasian Blitz Chess Cup"]
[Site "Almaty KAZ"]
[Date "2016.06.19"]
[Round "17.20"]
[White "Ismagambetov, Anuar"]
[Black "Volokitin, Andrei"]
[Result "0-1"]
[WhiteTitle "GM"]
[BlackTitle "GM"]
[WhiteElo "2542"]
[BlackElo "2624"]
[WhiteFideId "13701525"]
[BlackFideId "14107090"]
[EventDate "2016.06.18"]

1. e4 c5 2. Nf3 e6 3. d4 cxd4 4. Nxd4 a6 5. Bd3 Nf6 6. Nc3 Qc7 7. Qe2 d6 8. O-O
Nbd7 9. a4 b6 10. Bd2 Bb7 11. Rae1 Be7 12. Kh1 Nc5 13. f4 O-O 14. e5 dxe5 15.
fxe5 Nfd7 16. Bc4 Rad8 17. b4 Nxe5 18. Bf4 Ncd7 19. Bxe6 Qxc3 20. Bxd7 Nxd7 21.
Nf5 Bxb4 22. Rd1 Nf6 23. Be5 Qc6 24. Bxf6 Qxf6 25. Nd6 Rxd6 26. Rxf6 Rxf6 27.
Rf1 Rg6 0-1

[Event "Eurasian Blitz Chess Cup"]
[Site "Almaty KAZ"]
[Date "2016.06.19"]
[Round "17.21"]
[White "Khusnutdinov, Rustam"]
[Black "Vakhidov, Jahongir"]
[Result "1-0"]
[WhiteTitle "GM"]
[BlackTitle "GM"]
[WhiteElo "2476"]
[BlackElo "2578"]
[WhiteFideId "13701703"]
[BlackFideId "14201801"]
[EventDate "2016.06.18"]

1. e4 c5 2. Nf3 Nc6 3. Bb5 e6 4. Bxc6 bxc6 5. d3 Ne7 6. Bd2 Qc7 7. Bc3 d6 8. e5
d5 9. b3 Ng6 10. Bb2 d4 11. Qe2 f6 12. exf6 gxf6 13. g3 e5 14. Nbd2 a5 15. a4
Be6 16. Ne4 Be7 17. Ba3 c4 18. bxc4 Bxa3 19. Rxa3 Qe7 20. Rb3 c5 21. Rb7 Bd7 22.
O-O O-O 23. Nxc5 Qxc5 24. Rxd7 Qc6 25. Rd5 Qxa4 26. Rb5 Rab8 27. Rfb1 Rbe8 28.
Qd1 Qa3 29. Ra1 Qe7 30. Rbxa5 e4 31. Nxd4 e3 32. Qe2 f5 33. fxe3 Qf6 34. c3 f4
35. Rf5 Qd6 36. Rxf8+ Qxf8 37. Rf1 Qg7 38. e4 fxg3 39. hxg3 Ne5 40. Nf5 Qg5 41.
d4 Ng6 42. Qe3 Qxe3+ 43. Nxe3 Rxe4 44. Kf2 Ne7 45. c5 Re6 46. Kf3 Re5 47. d5 Kg7
48. c4 Nc8 49. c6 Kg6 50. c5 Na7 51. d6 1-0

[Event "Eurasian Blitz Chess Cup"]
[Site "Almaty KAZ"]
[Date "2016.06.19"]
[Round "17.22"]
[White "Potkin, Vladimir"]
[Black "Egorov, Evgeny"]
[Result "1-0"]
[WhiteTitle "GM"]
[BlackTitle "IM"]
[WhiteElo "2597"]
[BlackElo "2387"]
[WhiteFideId "4131061"]
[BlackFideId "13700421"]
[EventDate "2016.06.18"]

1. d4 d5 2. c4 Nc6 3. Nf3 Bg4 4. Nc3 e6 5. Bf4 Bd6 6. Bg3 Nge7 7. e3 O-O 8. Be2
dxc4 9. Bxc4 Ng6 10. Be2 a6 11. a3 Nce7 12. Qc2 Rc8 13. Rd1 c6 14. Ne4 Bxg3 15.
hxg3 Bf5 16. Bd3 Qa5+ 17. Nfd2 Bxe4 18. Bxe4 c5 19. dxc5 Rxc5 20. Qb1 Rh5 21.
Rxh5 Qxh5 22. Bf3 Qb5 23. Be2 Qa5 24. Kf1 Nf5 25. Nc4 Qc7 26. Qd3 b5 27. Nd2 Rd8
28. Qb1 Ne5 29. Ne4 h6 30. Rxd8+ Qxd8 31. Qc2 Qd7 32. g4 Ne7 33. g5 hxg5 34.
Nxg5 N7g6 35. Ne4 Ne7 36. Qc5 Nd3 37. Qc3 Nf4 38. exf4 Nf5 39. g3 f6 40. Nc5 Qd5
41. Bf3 Qd6 42. Be4 Nd4 43. b4 Kf7 44. Qd3 f5 45. Bg2 e5 46. fxe5 Qxe5 47. Nb3
Ne6 48. Bd5 Kf6 49. Bxe6 Qxe6 50. Nc5 Qc6 51. Ke2 g5 52. Qd4+ Kg6 53. Qe5 Qh1
54. Qe6+ Kg7 55. Qe5+ Kg6 56. Qe6+ Kg7 57. Qxf5 Qc1 58. Qxg5+ Qxg5 59. Ne6+ 1-0

[Event "Eurasian Blitz Chess Cup"]
[Site "Almaty KAZ"]
[Date "2016.06.19"]
[Round "17.23"]
[White "Kotsur, Pavel"]
[Black "Askarov, Bakhtiyar"]
[Result "0-1"]
[WhiteTitle "GM"]
[WhiteElo "2552"]
[BlackElo "2409"]
[WhiteFideId "13700278"]
[BlackFideId "13701100"]
[EventDate "2016.06.18"]

1. e4 c5 2. Nf3 e6 3. c4 Nc6 4. Be2 e5 5. d3 d6 6. a3 Be7 7. O-O Nf6 8. Nc3 O-O
9. Rb1 a5 10. Bd2 Ne8 11. Ne1 Nc7 12. f4 exf4 13. Bxf4 Ne6 14. Bg3 Bh4 15. Bxh4
Qxh4 16. Nf3 Qd8 17. Nd5 Ned4 18. b4 axb4 19. axb4 Ra2 20. Rf2 Nxf3+ 21. Bxf3
Rxf2 22. Kxf2 cxb4 23. Qd2 f5 24. exf5 Bxf5 25. Kg1 Qh4 26. Qe3 Ne5 27. Be4 Bxe4
28. dxe4 Nxc4 29. Qd4 Ne5 30. Nxb4 Ng4 31. h3 Ne5 32. Rf1 Rxf1+ 33. Kxf1 Qf4+
34. Kg1 Qc1+ 35. Kh2 Qf4+ 36. Kg1 Qc1+ 37. Kh2 Qc5 38. Qb2 Qc4 39. Qd2 Qxe4 40.
Qxd6 Qf4+ 41. Kg1 Nf3+ 0-1

[Event "Eurasian Blitz Chess Cup"]
[Site "Almaty KAZ"]
[Date "2016.06.19"]
[Round "17.24"]
[White "Ehlvest, Jaan"]
[Black "Harika, Dronavalli"]
[Result "0-1"]
[WhiteTitle "GM"]
[BlackTitle "GM"]
[WhiteElo "2524"]
[BlackElo "2514"]
[WhiteFideId "4500016"]
[BlackFideId "5015197"]
[EventDate "2016.06.18"]

1. Nf3 Nf6 2. g3 g6 3. b3 Bg7 4. Bb2 O-O 5. Bg2 d6 6. d4 Nbd7 7. O-O e5 8. dxe5
Ng4 9. Nc3 dxe5 10. Nd2 Nb6 11. a4 a5 12. h3 Nf6 13. Nf3 e4 14. Qxd8 Rxd8 15.
Ng5 e3 16. f4 h6 17. Nf3 Bf5 18. Rac1 Ne4 19. Ne5 Nxg3 20. Rf3 Nh5 21. Nd1 Be4
22. Rf1 Bxg2 23. Kxg2 Nd5 24. Kf3 Ndxf4 25. Nxe3 Nxh3 26. N3c4 Re8 27. Kg4 Ng5
28. Rcd1 Rad8 29. Rd3 f5+ 30. Kh4 Kh7 31. Rfd1 Rxd3 32. Rxd3 Re7 33. Nf3 Nxf3+
34. exf3 Bxb2 35. Nxb2 Nf4 36. Rd4 g5+ 37. Kg3 Re2 38. Rxf4 gxf4+ 39. Kxf4 Rxc2 0-1

[Event "Eurasian Blitz Chess Cup"]
[Site "Almaty KAZ"]
[Date "2016.06.19"]
[Round "18.5"]
[White "Kasimdzhanov, Rustam"]
[Black "Le, Quang Liem"]
[Result "0-1"]
[WhiteTitle "GM"]
[BlackTitle "GM"]
[WhiteElo "2703"]
[BlackElo "2718"]
[WhiteFideId "14200244"]
[BlackFideId "12401137"]
[EventDate "2016.06.18"]

1. e4 e5 2. Nf3 Nc6 3. Bb5 Nf6 4. O-O Nxe4 5. Re1 Nd6 6. Nxe5 Be7 7. Bf1 Nf5 8.
c3 Nxe5 9. Rxe5 d6 10. Re1 O-O 11. d4 d5 12. Bf4 Bd6 13. Bxd6 Nxd6 14. Nd2 Bf5
15. Qf3 c6 16. Qf4 Bg6 17. Re3 Qd7 18. Rae1 Rfe8 19. Qxd6 Rxe3 20. Qxd7 Rxe1 21.
Qxb7 Rae8 22. Qxc6 h6 23. h3 R8e2 24. Nf3 Ra1 25. Ne5 Ree1 26. Nxg6 Rxf1+ 27.
Kh2 fxg6 28. Kg3 Kh7 29. Qxd5 Rad1 30. Qe4 Rd2 31. d5 Rfxf2 32. c4 Rfe2 33. Qf4
Rxg2+ 0-1

[Event "Eurasian Blitz Chess Cup"]
[Site "Almaty KAZ"]
[Date "2016.06.19"]
[Round "18.7"]
[White "Shoker, Samy"]
[Black "Artemiev, Vladislav"]
[Result "0-1"]
[WhiteTitle "GM"]
[BlackTitle "GM"]
[WhiteElo "2489"]
[BlackElo "2653"]
[WhiteFideId "627143"]
[BlackFideId "24101605"]
[EventDate "2016.06.18"]

1. Nf3 Nf6 2. g3 g6 3. Bg2 Bg7 4. O-O O-O 5. d3 d5 6. Nbd2 Nc6 7. e4 dxe4 8.
dxe4 a5 9. Re1 Nd7 10. Nf1 Nc5 11. Qe2 Bg4 12. Qe3 b6 13. h3 Be6 14. N1d2 Nb4
15. Ng5 Nxc2 16. Nxe6 Nxe6 17. Qe2 Ned4 18. Qd1 Nxa1 19. e5 Nac2 20. Rf1 Nb4 21.
Bxa8 Qxa8 22. a3 Nd3 23. Qa4 Ne2+ 24. Kh2 Nexc1 25. Qd7 Nxe5 26. Qxe7 Nb3 27.
Nxb3 Nf3+ 28. Kh1 Nd2+ 29. Kg1 Nxf1 30. Qxc7 Re8 31. Qc1 Nxg3 32. fxg3 Qf3 33.
Qc3 Bxc3 0-1

[Event "Eurasian Blitz Chess Cup"]
[Site "Almaty KAZ"]
[Date "2016.06.19"]
[Round "18.8"]
[White "Gelfand, Boris"]
[Black "Vallejo Pons, Francisco"]
[Result "1/2-1/2"]
[WhiteTitle "GM"]
[BlackTitle "GM"]
[WhiteElo "2734"]
[BlackElo "2711"]
[WhiteFideId "2805677"]
[BlackFideId "2205530"]
[EventDate "2016.06.18"]

1. d4 Nf6 2. Nf3 e6 3. c4 b6 4. g3 c6 5. Bg2 d5 6. O-O Be7 7. Nc3 O-O 8. b3 Nbd7
9. Nd2 Ba6 10. e4 dxc4 11. Nxc4 b5 12. Ne3 Qb6 13. Bb2 Rfd8 14. Rc1 e5 15. Ne2
b4 16. Nc4 Bxc4 17. Rxc4 c5 18. d5 a5 19. f4 Bd6 20. Kh1 a4 21. Ng1 axb3 22.
axb3 Ra2 23. Qb1 Rda8 24. Nf3 Qc7 25. Bh3 exf4 26. g4 h6 27. Bxf6 Nxf6 28. Re1
Rf2 29. Rf1 Rxf1+ 30. Qxf1 Nd7 31. g5 Ne5 32. Nxe5 Bxe5 33. gxh6 gxh6 34. Qg1+
Kf8 35. Rxc5 Qe7 36. Rc6 Qd8 37. d6 Ra1 38. Rc8 Rxg1+ 39. Kxg1 Qxc8 40. Bxc8
Bxd6 41. h3 Ke7 42. Kg2 Kf6 43. Kf3 Ke5 44. Ba6 Kd4 45. Bc4 f6 46. Bg8 1/2-1/2

[Event "Eurasian Blitz Chess Cup"]
[Site "Almaty KAZ"]
[Date "2016.06.19"]
[Round "18.9"]
[White "Jones, Gawain C B"]
[Black "Moiseenko, Alexander"]
[Result "1/2-1/2"]
[WhiteTitle "GM"]
[BlackTitle "GM"]
[WhiteElo "2650"]
[BlackElo "2648"]
[WhiteFideId "409561"]
[BlackFideId "14102560"]
[EventDate "2016.06.18"]

1. e4 c5 2. Nf3 Nc6 3. Bb5 d6 4. O-O Bd7 5. Re1 Nf6 6. c3 a6 7. Bc4 Bg4 8. d4
Bxf3 9. gxf3 cxd4 10. cxd4 e5 11. Be3 Be7 12. d5 Nd4 13. f4 O-O 14. Bd3 Nd7 15.
Nc3 Bf6 16. Bf1 Qb6 17. Rb1 Rac8 18. Bh3 Rc7 19. Kh1 exf4 20. Bxf4 Ne5 21. Rg1
g6 22. Na4 Qa7 23. b3 b5 24. Be3 bxa4 25. Bxd4 Qa8 26. f4 Nd7 27. Bxd7 Bxd4 28.
Qxd4 Rxd7 29. Qxa4 Rc7 30. Qd4 Rfc8 31. Qf6 Rc2 32. Qxd6 Rxa2 33. Rgc1 Re8 34.
Re1 Qc8 35. f5 Qc2 36. Qg3 Rxe4 37. f6 Rxe1+ 38. Rxe1 h5 39. h4 Qd2 40. d6 Qd5+
41. Kg1 Qd4+ 42. Kh1 Qd5+ 43. Kg1 Qd4+ 44. Kh1 Qd5+ 45. Kg1 1/2-1/2

[Event "Eurasian Blitz Chess Cup"]
[Site "Almaty KAZ"]
[Date "2016.06.19"]
[Round "18.10"]
[White "Dzhumagaliev, Yan"]
[Black "Onischuk, Vladimir"]
[Result "1-0"]
[WhiteTitle "FM"]
[BlackTitle "GM"]
[WhiteElo "2400"]
[BlackElo "2613"]
[WhiteFideId "24100110"]
[BlackFideId "14114038"]
[EventDate "2016.06.18"]

1. d4 d6 2. g3 g6 3. Bg2 Bg7 4. Nf3 Nf6 5. O-O O-O 6. a4 a5 7. Nc3 Nbd7 8. e4 e5
9. h3 Re8 10. Re1 b6 11. b3 Bb7 12. Bb2 h6 13. d5 Nc5 14. Nd2 Nfd7 15. Nb5 Ba6
16. Nc3 f5 17. exf5 gxf5 18. Nf3 Rf8 19. Qd2 Qf6 20. Nb5 Bxb5 21. axb5 Rae8 22.
b4 axb4 23. Qxb4 f4 24. g4 Qg6 25. Qd2 e4 26. Bxg7 Qxg7 27. Nd4 Ne5 28. Kh1 f3
29. Bf1 Kh8 30. Ra7 h5 31. g5 h4 32. Qe3 Rf7 33. Rea1 Kh7 34. Ne6 Rxe6 35. dxe6
Rf5 36. e7 Qxe7 37. Ra8 Rxg5 38. Qf4 Ng6 39. Qe3 d5 40. c3 Ne6 41. Rc8 Ngf4 42.
Raa8 Qg7 43. Rh8+ Qxh8 44. Rxh8+ Kxh8 45. c4 Kg7 46. cxd5 Rxd5 47. Kh2 Rd4 48.
Qc3 Kf6 49. Bc4 Ke5 50. Bxe6 Nxe6 51. Qe3 Rd3 52. Qh6 e3 53. Qh5+ Kd4 54. Qxf3
exf2 55. Qxf2+ Kd5 56. Qf5+ Kd4 57. Qxe6 Rc3 58. Qf6+ Kd3 59. Qxh4 Rc5 60. Qg3+
Ke4 61. Qg4+ Ke3 62. Qd7 Kf3 63. Qd3+ Kf4 64. h4 Kg4 65. Qg3+ Kh5 66. Kh3 Rxb5
67. Qf3+ Kh6 68. Qf6+ Kh5 69. Qf7+ Kh6 70. Qf8+ Kh7 71. Qe7+ Kh6 72. Qe3+ Kg7
73. Qe7+ Kh6 74. Qxc7 Rb3+ 75. Kg4 Rb4+ 76. Kf5 Rb5+ 77. Kf6 Kh5 78. Qg3 Rc5 79.
Ke6 Rc6+ 80. Kd7 Rc5 81. Kd6 Rf5 82. Kc6 b5 83. Kb6 b4 84. Qd3 Rf4 85. Qh7+ Kg4
86. h5 b3 87. Qg8+ Kxh5 88. Qxb3 Kg5 89. Kc5 Re4 90. Kd5 Re8 91. Qg3+ Kf5 92.
Qf3+ Kg5 93. Qf7 Re1 94. Qg7+ Kf5 95. Qg3 Rd1+ 96. Kc4 Rd8 97. Qc7 Rd1 98. Qf7+
Kg4 99. Qe6+ Kf3 100. Qf5+ Kg3 101. Qg5+ Kf2 102. Qf4+ Ke1 1-0

[Event "Eurasian Blitz Chess Cup"]
[Site "Almaty KAZ"]
[Date "2016.06.19"]
[Round "18.11"]
[White "Hou, Yifan"]
[Black "Megaranto, Susanto"]
[Result "0-1"]
[WhiteTitle "GM"]
[BlackTitle "GM"]
[WhiteElo "2663"]
[BlackElo "2535"]
[WhiteFideId "8602980"]
[BlackFideId "7101384"]
[EventDate "2016.06.18"]

1. e4 d5 2. exd5 Qxd5 3. Nc3 Qd6 4. d4 Nf6 5. Nf3 a6 6. g3 Bg4 7. Bg2 c6 8. O-O
e6 9. h3 Bxf3 10. Bxf3 Be7 11. b3 O-O 12. Bb2 Nbd7 13. Ne2 Rad8 14. Re1 Rfe8 15.
Nf4 Qc7 16. Qe2 Bf8 17. Nd3 g6 18. c4 Bg7 19. Rad1 h5 20. h4 Nh7 21. Kg2 Nhf6
22. Nf4 Nb6 23. Bc3 Nc8 24. Nd3 Ne7 25. Qb2 Nd7 26. Be4 Nc8 27. Ne5 Nxe5 28.
dxe5 Rxd1 29. Rxd1 Rd8 30. Re1 Ne7 31. f3 c5 32. Qf2 b6 33. Qc2 a5 34. f4 Nc6
35. Rd1 Nd4 36. Qf2 Nf5 37. Rxd8+ Qxd8 38. Bxf5 gxf5 39. Qf3 a4 40. bxa4 Qd7 41.
a5 bxa5 42. Bxa5 Qa4 43. Bd2 Qxa2 44. Qe2 Qc2 45. Kf2 Bf8 46. Be3 Qe4 47. Qxh5
Qxc4 48. Qg5+ Kh7 49. Qh5+ Kg8 50. Qg5+ Kh7 51. Qd8 Qc2+ 52. Qd2 Qxd2+ 53. Bxd2
Kg6 54. Kf3 Kh5 55. Bc3 c4 56. Kf2 Kg4 57. Kg2 Bc5 58. Kh2 Bf2 59. Kg2 Bxg3 60.
h5 Bxf4 61. Bd4 Kxh5 62. Kf3 Bg5 63. Kg3 Kg6 64. Kf3 f6 0-1